ბათუმის შოთა რუსთაველის სახელმწიფო უნივერსიტეტის ბიბლიოთეკა

ლექსები. (ბიბ.ჩანაწერი № 41796)

000 -LEADER
fixed length control field 00511nam a2200193Ia 4500
001 - CONTROL NUMBER
control field 8478
003 - CONTROL NUMBER IDENTIFIER
control field GE_BSU
008 - FIXED-LENGTH DATA ELEMENTS--GENERAL INFORMATION
fixed length control field 181216s||||||||xx |||||||||||||| ||und||
040 ## - CATALOGING SOURCE
Transcribing agency GE_BSU
100 ## - MAIN ENTRY--PERSONAL NAME
Personal name იონა ვაკელი
245 ## - TITLE STATEMENT
Title ლექსები.
250 ## - EDITION STATEMENT
Edition statement ცეკავშირის სტ.
260 ## - PUBLICATION, DISTRIBUTION, ETC.
Place of publication, distribution, etc. ტფილისი.
260 ## - PUBLICATION, DISTRIBUTION, ETC.
Name of publisher, distributor, etc. ფედერაცია.
260 ## - PUBLICATION, DISTRIBUTION, ETC.
Date of publication, distribution, etc. 1933
300 ## - PHYSICAL DESCRIPTION
Extent 240 გვ; 15 სმ.
653 ## - INDEX TERM--UNCONTROLLED
Uncontrolled term ლექსები.
942 ## - ADDED ENTRY ELEMENTS (KOHA)
Koha item type წიგნი
ეგზემპლარები
Withdrawn status Lost status Damaged status Not for loan Date acquired Barcode Date last seen Price effective from Koha item type
        2018-12-17 30630 2018-12-17 2018-12-17 წიგნი
        2018-12-17 30631 2018-12-17 2018-12-17 წიგნი
        2018-12-17 30632 2018-12-17 2018-12-17 წიგნი
        2018-12-17 30633 2018-12-17 2018-12-17 წიგნი
        2018-12-17 30634 2018-12-17 2018-12-17 წიგნი
        2018-12-17 30635 2018-12-17 2018-12-17 წიგნი
        2018-12-17 30636 2018-12-17 2018-12-17 წიგნი
        2018-12-17 30637 2018-12-17 2018-12-17 წიგნი
        2018-12-17 30638 2018-12-17 2018-12-17 წიგნი